| 000 | 00481nam a22001817a 4500 | ||
|---|---|---|---|
| 003 | CEME | ||
| 005 | 20210628203510.0 | ||
| 008 | 210115b xxu||||| |||| 00| 0 eng d | ||
| 020 | _a0-07-225741-5 | ||
| 040 | _c. | ||
| 082 | _a004.67 JOH | ||
| 100 |
_aJohnson, Simon _965832 |
||
| 245 | _aKeep your kids safe on the internet | ||
| 260 |
_aUSA _bMCGRAW HILL _c2004 |
||
| 300 | _aXVII, 316P | ||
| 650 |
_aINTERNET FOR KIDS.SAVE YOUR KIDS FROM INTERNET _965833 |
||
| 942 |
_cBK _2ddc |
||
| 999 |
_c573932 _d573932 |
||